[Event "Wuerttemberg-ch Seniors op 26th"]
[Site "Freudenstadt"]
[Date "2014.07.18"]
[Round "3"]
[White "Gabriel, Klaus"]
[Black "Hoffmann, Peter1111"]
[Result "1/2-1/2"]
[WhiteElo "1686"]
[BlackElo "1766"]
[PlyCount "88"]
[EventDate "2014.07.16"]
[EventType "swiss"]
[EventRounds "9"]
[EventCountry "GER"]
[SourceTitle "EXT 2019"]
[Source "ChessBase"]
[SourceDate "2018.10.10"]
[SourceVersion "1"]
[SourceVersionDate "2018.10.10"]
[SourceQuality "1"]

1. d4 d5 2. Nf3 Nf6 3. Bf4 Nh5 4. Bg3 Nxg3 5. hxg3 Bf5 6. e3 h6 7. Bd3 Bg4 8. Nbd2 Nc6 9. c3 Qd6 10. Qc2 Bd7 11. e4 e6 12. e5 Qe7 13. b4 a6 14. Nb3 Qd8 15. 0-0 Na7 16. Nc5 Bxc5 17. bxc5 c6 18. a4 Qc7 19. Qb2 Rb8 20. Qb6 Qxb6 21. cxb6 Nc8 22. a5 Ne7 23. Nd2 g5 24. Nb3 h5 25. f3 Ng6 26. Bxg6 fxg6 27. Kf2 Rd8 28. Ke3 Ke7 29. Nc5 Bc8 30. Nd3 Rdf8 31. Nf2 Rf7 32. Ke2 Bd7 33. Nd3 h4 34. gxh4 Rxh4 35. Rh1 Rfh7 36. Rxh4 Rxh4 37. Nf2 Kf7 38. Rh1 Kg7 39. Rxh4 gxh4 40. Ng4 g5 41. Nf6 Bc8 42. Kf2 Kg6 43. g3 Kf5 44. g4+ Kg6 1/2-1/2